10 Największych miast w Rumunii - Statystyki

Ogólne statystyki
  • Ten quiz został rozwiązany 77 razy
  • Średni wynik to 5 z 10
Statystyki odpowiedzi
Ludność Odpowiedź % Poprawnych
1 883 425 Bukareszt
100%
324 576 Kluż-Napoka
77%
319 279 Timişoara
68%
290 422 Jassy
57%
283 872 Konstanca
57%
253 200 Braszów
54%
196 367 Oradea
41%
269 506 Krajowa
38%
249 432 Gałacz
30%
209 945 Ploeszti
21%
Nie znaleziono quizów pasujących do podanych kryteriów
Rozkład punktacji
Procent ludzi z każdym wynikiem
Percentyl według liczby udzielonych odpowiedzi
Twoja historia wyników
Nie rozwiązałeś tego quizu